000 00348nam a2200097Ia 4500
008 241105s9999 xx 000 0 und d
041 _aeng
100 _aPanse Vrinda.
_9183770
245 _aDeriving Methodology For Sustainable Development Of Plots In Transit Rriented Development Along Metro Corridor Case Pune
260 _bBNCA M Arch EA, Pune
_c2019
999 _c361787
_d361787